000 03714nab a2200385 i 4500
003 BR-BrBNA
005 20240812133510.0
008 240812b2017 bl.|r|pooa||| 00| 0 por |
040 _aBR-BrBNA
_bpor
072 _aF30
_b0180
072 _aF01
100 _aQuatrin, M.P.
100 _aOlivo, C.J.
100 _aMeinerz, G.R.
100 _aFontaneli, R.S.
100 _aAguirre, P.F.
100 _aSeibt, D.C.
100 _a Aires, J.F.
100 _aFalk, D.R.
100 _aSauter, C.P.
100 _aSilva, A.R.
245 _aProdutividade de genótipos de trigo duplo propósito submetidos ao pastejo com vacas em lactação
500 _a Publicação online; 24 ref.; 3 tables; Summaries (En, Pt)
520 _a RESUMO - Esta pesquisa foi conduzida com o objetivo de avaliar a produtividade de dois genótipos de trigo de duplo propósito, BRS Tarumã e BRS Umbu, submetidos ao pastejo com vacas em lactação. O delineamento experimental foi o inteiramente ao acaso, com dois tratamentos (genótipos), três repetições (piquetes) e medidas repetidas no tempo (pastejos). Avaliaram-se a precocidade, a composição estrutural dos trigos, as produções de forragem e de biomassa de lâminas foliares, as taxas de acúmulo diário de forragem e de lâminas foliares, a taxa de lotação, as ofertas de forragem e de lâminas foliares, a eficiência de pastejo, o consumo aparente e a produção de grãos. O trigo mais precoce para produção de forragem foi o BRS Umbu. Houve diferença para a produção de forragem (3196 vs. 4143kg MS/ha) e de lâminas foliares (2281 vs. 3205kg MS/ha) para os genótipos BRS Umbu e BRS Tarumã, respectivamente. Valores similares foram encontrados para taxa de lotação (2,26UA/ha); eficiência de pastejo (52,26%), consumo aparente (2,91%) e produção de grãos (1716kg/ha). O genótipo BRS Tarumã é o mais indicado para o manejo de duplo propósito em condições de pastejo com vacas em lactação. Palavras-chave: cereais de inverno, forragem, grãos, Triticum aestivum
520 _a ABSTRACT - The objective of this research was to evaluate the productivity of two dual-purpose wheat genotypes BRS Tarumã and BRS Umbu under grazing with lactating cows. The experimental design was completely randomized, with two treatments, three replications (paddocks) and repeated measures (grazing cycles). Studied variables were early growth, the structural composition of wheat, forage production, leaf blade biomass, the stocking rate, the herbage and leaf blade allowance, the grazing efficiency, the herbage intake and grain yield. The earliest genotype for forage production was the BRS Umbu. Differences in herbage yield between BRS Umbu and BRS Tarumã genotypes (3196 vs. 4143kg DM/ha) and leaf blade production (2281 vs. 3205kg DM/ha), respectively, were detected. Similar values between cultivars were found in stocking rate (2,26AU/ha); grazing efficiency (52,26%), herbage intake (2,91 %) and grain yield (1716kg/ha). The BRS Tarumã genotype is the most suitable for dual-purpose under grazing with dairy cows. Keywords: winter cereal, forage, grain, Triticum aestivum
650 _aTRIGO
650 _aGENÓTIPO
650 _aFORRAGEM
650 _aPRODUTIVIDADE
650 _aPASTEJO
773 0 _01643
_9316504
_dBelo Horizonte-MG Universidade Federal de Minas Gerais - Escola de Veterinaria 1983
_o2024-2999
_tArquivo Brasileiro de Medicina Veterinária e Zootecnia (Brazil)
_x0102-0935
_gv. 69(6) p. 1615-1623; (2017)
_wBR2024002256
856 _uhttps://www.scielo.br/j/abmvz/a/bgXzpKmP78NgykmmpsbS56N/?format=pdf&lang=pt
942 _cAnalítica
999 _c300847
_d300847